Т. 25; Современные проблемы математики. Новейшие достижения

Dades bibliogràfiques
Parent link:Современные проблемы математики. Новейшие достижения/ Академия наук СССР (АН СССР), Всесоюзный институт научной и технической информации (ВИНИТИ) ; науч. Р. В. Гамкрелидзе. Т. 25.— , 1973-1990.— 0202-747X
Idioma:rus
Publicat: 1984
Matèries:
Format: MixedMaterials Llibre
KOHA link:https://koha.lib.tpu.ru/cgi-bin/koha/opac-detail.pl?biblionumber=282068

MARC

LEADER 00000nam2a2200000 4500
001 282068
005 20231101235449.0
035 |a (RuTPU)RU\TPU\book\305941 
035 |a RU\TPU\book\304950 
090 |a 282068 
100 |a 20150128d1984 k y0rusy50 ca 
101 0 |a rus 
102 |a RU 
105 |a y z 001zy 
200 0 |a Т. 25 
210 |d 1984 
215 |a 259 с. 
320 |a Библиография в конце работ 
461 1 |0 (RuTPU)RU\TPU\book\288694  |x 0202-747X  |t Современные проблемы математики. Новейшие достижения  |f Академия наук СССР (АН СССР), Всесоюзный институт научной и технической информации (ВИНИТИ) ; науч. Р. В. Гамкрелидзе  |v Т. 25  |d 1973-1990  |s Современные проблемы математики. Новейшие достижения 
606 1 |a Математика  |2 stltpush  |3 (RuTPU)RU\TPU\subj\67327  |9 83171 
610 1 |a супералгебры 
610 1 |a спектральная теория 
610 1 |a теория возмущений 
610 1 |a алгебраическая теория 
610 1 |a гомоморфизмы 
610 1 |a линейные коды 
610 1 |a кривые 
675 |a 51  |v 4 
801 1 |a RU  |b 63413507  |c 20110905 
801 2 |a RU  |b 63413507  |c 20170302  |g RCR 
942 |c BK